000 00464nam a2200181Ia 4500
001 8987
005 20260306160650.0
008 260306t2006||||xx |||||||||||||| ||spa||
041 _aESP
082 _a372.21
_bJ94
100 _aJusto de la Rosa, Marisol
_eAUT
245 0 _aPropuesta didáctica:
_bla educación de niños de 13 a 24 meses
260 _c2006
300 _a240 páginas :
_c24 cm.
650 _aGEN
654 _aCED
942 _cLIB
_dJUS
_fJUS
_2ddc
_n
999 _c8987
_d8987